Anatomy of a Rotary Phone - Statistics

General Stats
  • This quiz has been taken 13 times
  • The average score is 3 of 5
Answers on the Map
Answers color-coded by a green-red scale on the quiz's map according to % correct below.
 
Answer Stats
Answer % Correct
Dial
78%
Base
67%
Cord
67%
Handset
44%
Switch
11%
No matching quizzes found
Score Distribution
Percent of People with Each Score
Percentile by Number Answered
Your Score History
You have not taken this quiz